Practical personnel a administration skills

Bibliographic Details
Format: Book
Language:English

MARC

LEADER 00000cam a2200000 7i4500
001 0000001701
008 110518s200? my eng
050 0 0 |a On order 
090 0 0 |a On order 
245 0 0 |a Practical personnel a administration skills 
300 |a 1 v.  |c 30 cm 
999 |a 1000055317  |b Book  |c Reference  |e Gong Badak Campus